Ronald Morgan goes to bat / (Record no. 6930)

MARC details
000 -LEADER
fixed length control field 01081pam a2200325 a 4500
001 - CONTROL NUMBER
control field 6930
003 - CONTROL NUMBER IDENTIFIER
control field FISKH
005 - DATE AND TIME OF LATEST TRANSACTION
control field 20250610114217.0
008 - FIXED-LENGTH DATA ELEMENTS--GENERAL INFORMATION
fixed length control field 871030s1988 nyua j 000 1 eng
010 ## - LIBRARY OF CONGRESS CONTROL NUMBER
LC control number 87028927
020 ## - INTERNATIONAL STANDARD BOOK NUMBER
International Standard Book Number 0670814571 (lib. bdg.) :
020 ## - INTERNATIONAL STANDARD BOOK NUMBER
International Standard Book Number 9780140506693
040 ## - CATALOGING SOURCE
Original cataloging agency DLC
Transcribing agency DLC
Modifying agency DLC
Language of cataloging eng
050 ## - LIBRARY OF CONGRESS CALL NUMBER
Classification number PZ7.G3626 R
082 ## - DEWEY DECIMAL CLASSIFICATION NUMBER
Classification number 314
100 1# - MAIN ENTRY--PERSONAL NAME
Personal name Giff, Patricia Reilly.
245 10 - TITLE STATEMENT
Title Ronald Morgan goes to bat /
Statement of responsibility, etc. by Patricia Reilly Giff ; illustrated by Susanna Natti.
260 ## - PUBLICATION, DISTRIBUTION, ETC.
Place of publication, distribution, etc. New York :
Name of publisher, distributor, etc. Viking Kestrel,
Date of publication, distribution, etc. 1988.
300 ## - PHYSICAL DESCRIPTION
Extent 31 pages :
Other physical details color illustrations ;
Dimensions 23 cm
500 ## - GENERAL NOTE
General note "Ages 3-8"--Cover.
505 ## - FORMATTED CONTENTS NOTE
Formatted contents note G<br/>
520 ## - SUMMARY, ETC.
Summary, etc. Although he can't hit or catch, Ronald Morgan loves to play baseball; but he's got a lot of spirit and with a little practice maybe that's all he'll need.
521 8# - TARGET AUDIENCE NOTE
Target audience note 410<br/>
Source Lexile <br/>
521 8# - TARGET AUDIENCE NOTE
Target audience note G<br/>
Source Raz-Plus<br/>
650 #1 - SUBJECT ADDED ENTRY--TOPICAL TERM
Topical term or geographic name entry element Baseball
General subdivision Fiction.
700 1# - ADDED ENTRY--PERSONAL NAME
Personal name Natti, Susanna,
Relator term illustraions
906 ## - LOCAL DATA ELEMENT F, LDF (RLIN)
a 7
b cbc
c orignew
d 1
e ocip
f 19
g y-gencatlg
942 ## - ADDED ENTRY ELEMENTS (KOHA)
Source of classification or shelving scheme Dewey Decimal Classification
Koha item type Books
Suppress in OPAC No
Holdings
Withdrawn status Lost status Source of classification or shelving scheme Damaged status Not for loan Collection Home library Current library Shelving location Date acquired Total Checkouts Full call number Barcode Date last seen Copy number Price effective from Koha item type
    Dewey Decimal Classification     Juvenile Fiction Footprints International School Library Network Toul Kork Campus Footprints International School Library Network Toul Kork Campus TK Primary Library Room(4th Floor), Bookcase 1&2, Shelves 1-16, Dark Blue Books 06/10/2025   GIF 314 PZ7.G3626 R FISTK04412 06/10/2025 1 06/10/2025 Books